Internet country code top level domains - Statistics

General Stats
  • This quiz has been taken 92 times
  • The average score is 8 of 20
Answer Stats
Domain Country % Correct
.za South Africa
68%
.ua Ukraine
64%
.ag Antigua and Barbuda
58%
.my Malaysia
58%
.fm Federated States of Micronesia
54%
.kh Cambodia
44%
.dz Algeria
42%
.ba Bosnia and Herzegovina
40%
.gq Equatorial Guinea
35%
.bj Benin
32%
.pw Palau
32%
.cd Democratic Republic of the Congo
31%
.ne Niger
31%
.lk Sri Lanka
31%
.td Chad
28%
.gw Guinea-Bissau
26%
.km Comoros
25%
.lc Saint Lucia
25%
.ws Samoa
24%
.sb Solomon Islands
17%
No matching quizzes found
Score Distribution
Percent of People with Each Score
Percentile by Number Answered
Your Score History
You have not taken this quiz